George Sand : A Biography /

में बचाया:
ग्रंथसूची विवरण
मुख्य लेखक: Cate, Curtis (autor)
स्वरूप: पुस्तक
भाषा:अंग्रेज़ी
प्रकाशित: Boston, EUA : Houghton Mifflin, 1975, c1975
टैग: टैग जोड़ें
कोई टैग नहीं, इस रिकॉर्ड को टैग करने वाले पहले व्यक्ति बनें!

MARC

LEADER 00000nam^a2200000^a^4500
001 000434549
005 20250526000000.0
009 20260310123109.374
020 |a 0-395-19954-9 
037 |a Acervo ITESO - Biblioteca 
041 |a ING 
091 |a FHM. 07131 
100 |a Cate, Curtis  |e (autor) 
245 1 0 |a George Sand :  |b A Biography / 
264 4 |a Boston, EUA :  |b Houghton Mifflin,  |c 1975, c1975 
300 |a XXXVI, 812 p. ;  |c 23.5 cm. 
336 |a texto  |b txt  |2 rdacontenido 
337 |a sin mediación  |b n  |2 rdamedio 
338 |a volumen  |b nc  |2 rdasoporte 
649 |a XX 
910 |a Fondo Hugo B. Margáin 
920 |a Impresos - Libros 
930 |a Libros Antiguos y Raros 
905 |a 126 
901 |a 0900111101  |b IT2  |c LRA  |i D104070  |u 20250526 
902 |a https://opac.biblio.iteso.mx/vufind/Record/000434549